000 00590nam a2200169 i 4500
001 132760
003 ES-MaACL
005 20230906194237.0
007 t|
008 070214s1917 sp r ||||1| spa d
100 1 _aRösemeier, Hermann.
_999711
245 1 3 _aUn alemán a los alemanes /
_ccarta abierta del Dr. Hermann Rösemeier (doctor en Filología) : (hasta septiembre de 1914, director político del Morgenpost de Berlín.
260 _a[España? :
_bs.n.,
_cca. 1917]
300 _a26 p. ;
_c22 cm.
650 0 4 _aGuerra mundial, 1914-1918.
_913212
852 _aES-MaACL
_j1543-F-13
999 _c132760
_d132760